000 00684nam a22002057a 4500
999 _c18041
_d18041
003 AR-CdUCM
008 190511b ||||| |||| 00| 0 spa d
040 _aMUNICIPALIDAD PROVINCIAL DEL CUSCO
_cBIBLIOTECA MUNICIPAL DEL CUSCO
082 _a364.62 /
_bP348
100 _aPaz, Octavio
_913612
245 _aLibertad bajo palabra /
260 _aMéxico :
_bFondo de cultura económica,
_c1960.
300 _a262 páginas ;
_c23 cm.
440 _aLecturas Mexicanas
_938387
505 _aContenido : Calamidades y milagros -- Semillas para un himno -- La estación violenta...
650 _aObra poética
_938388
650 _aLiteratura
_983
942 _2ddc
_cLIBROS
945 _arcc